|
|
|
|
| LEADER |
00000nam a2200000 a 4500 |
| 001 |
vtls001437832 |
| 003 |
SK-MaSNL |
| 005 |
20260224113338.0 |
| 008 |
210928s1976 xx 0 und |
| 035 |
|
|
|a SNK000392959
|
| 040 |
|
|
|a SNK
|b slo
|c SNK
|e AACR2
|
| 245 |
1 |
|
|a Communio Viatorum a theological quarterly. Roč. XIX., č. 1-4, 1976
|
| 260 |
|
|
|a Praha
|b Ecumenical Institute of the Comenius Faculty
|c 1976
|
| 958 |
|
|
|a OND
|
| 999 |
|
|
|c 986313
|d 988243
|
| 952 |
|
|
|t č. 1-4
|a SNK
|b SNK
|y PREZ
|7 0
|p 17A1023083
|o snkČC 1747/20/1977
|i snkČIP 1396/78
|0 0
|1 1
|4 0
|d 2014-01-17
|l 0
|r 2026-02-24 11:33:38
|w 2026-02-24
|
| 952 |
|
|
|a SNK
|b SNK
|y PREZ
|7 0
|p 17A0532196
|o snkČC 1747/11/1968
|i snkČIP 1205/69
|3 rekatalogizácia
|0 0
|1 1
|4 0
|d 2007-02-07
|l 0
|r 2026-02-24 11:33:38
|w 2026-02-24
|
| 952 |
|
|
|t P60, <06>, [BOOK], {606}
|a SNK
|b SNK
|y PREZ
|7 0
|p 17A0269128
|o snkČC 1747/19/1976
|0 0
|1 1
|4 0
|d 2002-07-17
|l 0
|r 2005-01-02 00:00:00
|w 2026-02-24
|
| 952 |
|
|
|t P60, <06>, [BOOK], {606}
|a SNK
|b SNK
|y PREZ
|7 0
|p 17A0269677
|o snkČC 1747/8/1965
|0 0
|1 1
|4 0
|d 2002-07-23
|l 0
|r 2005-01-02 00:00:00
|w 2026-02-24
|